000 00697nam a2200241 a 4500
001 BRCA_7848
005 20190320210025.0
008 071113s1876----fr-a######---#000-0#fre-#
041 _afre
044 _afr
050 4 _aNK3000
_b.C37 1876
100 1 _aCastel, Albert
_919427
245 1 0 _aLes tapisseries
_cpar Albert Castel ; ouvrage illustre de 22 vignettes sur bois par P. Sellier.
260 _aParĂ­s
_bHachette
_c1876
300 _a316 p.
_bil., 22 grabados
_c18 cm.
440 0 _aBibliotheque des Merveilles
_919396
500 _aY70
650 1 4 _aTapices
_xHistoria
_95686
650 1 4 _aTapices franceses
_919428
700 1 _aSellier, P.
_919399
902 _aGFM
942 _2lcc
_cB
999 _c7522
_d7522